000
00305nam a2200133Ia 4500
005
20251222143249.0
008
251222s9999||||xx |||||||||||||| ||spa||
020
_a
84-88663-02-1
082
_a
276.9/C33
100
_a
CastellvĂ, Santiago
245
0
_a
Juan Pablo II:
264
_b
Guaflex
942
_c
LIB
999
_c
14873
_d
14873